00421nam a2200145Ia 4500100001000000942000700010654001600017245007100033260001700104082002000121300000700141546001200148999001700160952009800177 aNone  cBK aelectronics aDigital data Demand & Reformatting Receiver trainer- ST 2107 OM bnoneaIndore a621.381536bSCI a56 aENGLISH c33939d33939 001040708CRCaCRCEbCRCEd2023-03-17l0o621.381536 SCIp10984r2023-03-17w2023-03-17yBK